00658nam a2200157 a 450000100100000000500170001000800410002704000250006824501210009326000680021430000210028270000370030370000380034095201050037899900170048300003857420201002031312.0130415s2006 dr 000 0 spa d aDO-SdBNPbspacBNPHU00aManual de gestión penitenciaria /cJosé Manuel abaud Soler...[et.al] ; presentación Francisco Dominguez Brito. aSanto Domingo :bProcuraduria General de la República,c2006. a392 p. ;c25 cm.1 aAbaud Soler, José Manue9649141 aDominguez Brito, Francisco910323 0010718PDaPDbPDcCTd2013-04-15iLF1l0o p38574-10r2020-06-25w2020-06-25yLFPDZNo se presta c38064d38064